Economic census, Karnataka (Record no. 490261)

000 -LEADER
fixed length control field 00400cam a22001097a 4500
008 - FIXED-LENGTH DATA ELEMENTS--GENERAL INFORMATION
fixed length control field 180718b-- xxu||||| |||| 00| 0 eng d
082 ## - DEWEY DECIMAL CLASSIFICATION NUMBER
Classification number T19065x5444 E
245 ## - TITLE STATEMENT
Title Economic census, Karnataka
Statement of responsibility, etc. by Planning Department. Manpower and Employment Unit
260 ## - PUBLICATION, DISTRIBUTION, ETC.
Place of publication, distribution, etc. Bangalore
Name of publisher, distributor, etc. The author
Date of publication, distribution, etc. --
500 ## - GENERAL NOTE
General note Library has 1977 (provisional)
700 ## - ADDED ENTRY--PERSONAL NAME
Personal name Karnataka. Planning Department. Manpower and Employment Unit
Holdings
Withdrawn status Lost status Damaged status Not for loan Permanent Location Current Location Date acquired Full call number Barcode Date last seen Price effective from Koha item type
        Indian Institute of Public Administration Indian Institute of Public Administration 2018-08-04 T19065x5444 E GG18301 2018-08-04 2018-08-04 GG

Powered by Koha